| 000 | 00440nam a2200181Ia 4500 | ||
|---|---|---|---|
| 008 | 220531s9999 xx 000 0 und d | ||
| 041 | _aeng | ||
| 082 | _bOUT / JON | ||
| 100 |
_aJones, D. _981866 |
||
| 245 | _aOutline of English Phonetics | ||
| 250 | _a1ST | ||
| 260 |
_aLudhiana _bKalyani _c1979 |
||
| 300 | _a378 | ||
| 542 | _d12-03-2016 | ||
| 650 |
_aEnglish Phonetics _981867 |
||
| 906 |
_d2015-2016 _f8726 |
||
| 999 |
_c45177 _d45177 |
||